Statistics for Onomatopoeia #1

Click here to take the quiz!

General Stats

  • This quiz has been taken 39,072 times
    (39,062 since last reset)
  • The average score is 16 of 24

Answer Stats

Hint Word % Correct
Bee's noiseBuzz
97%
Duck's noiseQuack
96%
ApplauseClap
94%
Sound of dynamite explodingBoom
90%
The beginning of the universeBang
87%
Eating granolaCrunch
85%
A leaky faucetDrip
83%
Owl's soundHoot
77%
A steak cookingSizzle
76%
Sound of a doorbell, or the death knell of a witchDing Dong
74%
Bless you?Achoo
70%
Witches laughCackle
69%
A carbonated beverage bubblingFizz
68%
An angry car hornHonk
65%
A motorcycle revvingVroom
64%
To use mouthwashGargle
59%
Basketball shoes sliding on a gym floorSqueak
58%
Horses walking or coconuts being struck togetherClip-Clop
57%
Cymbals' soundCrash
54%
NikeSwoosh
49%
Jail bars closingClink
49%
Tiny footstepsPitter Patter
47%
Sound of a magician disappearingPoof
41%
Train whistleChoo-choo
31%

Score Distribution

Percentile by Number Answered

Percent of People with Each Score

Your Score History

You have not taken this quiz since the last reset